00501nam a2200193Ia 4500003000400000005001700004008004100021020001800062040000700080041001200087082001700099100001300116245007600129260003600205300001500241365001300256650001800269650002000287OSt20250927152728.0210423s2007 xx 000 0 und d a9788863012358 cAL aEnglish a305.3 bDEVE aDevika J aEn-gendering individualsb: language of reforming in early 20th century aHyderabadbOrient Longmanc2007 axi,346bPB b695cINR aSocial Groups aSocial Sciences